000 00478nam a2200157Ia 4500
999 _c21096
_d21096
003 OSt
005 20200615144112.0
008 190216s9999||||xx |||||||||||||| ||und||
040 _coclc
082 _a306.09548
_bAYY/S
100 _aAyyar, P V Jagadisa
_92922
245 0 _aSouth Indian Customs /
_c P V Jagadisa Ayyar
260 _bAsian Education Services,
_aNew Delhi:
_c2001.
300 _a169p
942 _cBK
_2ddc
_h306.09548
_iAYY/S
_k306.09548
_mAYY/S